Doğrudan demokrasi : (Kayıt no. 10208)

MARC ayrıntıları
000 -BAŞLIK
Sabit Uzunluktaki Kontrol Alanı 00807nam a2200241 4500
003 - KONTROL NUMARASI KİMLİĞİ
Kontrol Alanı KOHA_MİRAKIL
005 - EN SON İŞLEM TARİHİ ve ZAMANI
Kontrol Alanı 20260414072904.0
008 - SABİT UZUNLUKTAKİ VERİ ÖGELERİ - GENEL BİLGİ
Sabit Alan 260414b tu ||||| |||| 00| 0 tur d
020 ## - ISBN - ULUSLARARASI STANDART KİTAP NUMARASI
Isbn 9789944680271
040 ## - KATALOGLAMA KAYNAĞI
Özgün Kataloglama Kurumu TR-AnABB
Kataloglama Dili tur
Çeviri Kurumu TR-AnABB
041 ## - DİL KODU
Metin ya da ses kaydının dil kodu tur
082 ## - DEWEY ONU SINIFLAMA SİSTEMİ
Sınıflama Numarası 321.8
Cutter numarası DUL 2008
100 1# - KİŞİ ADI
Yazar Adı (Kişi adı) Dulkadir, Mutlu
245 10 - ESER ADI BİLDİRİMİ
Başlık Doğrudan demokrasi :
Alt Eseradı vb. zapatist özyönetim deneyimi /
Sorumluluk Bildirimi Mutlu Dulkadir
250 ## - BASIM BİLDİRİMİ
Basım Bildirimi 1. basım
260 ## - YAYIN, DAĞITIM, VB.
Yayın Yeri Ankara :
Yayınevi Algı Yayın,
Yayın Tarihi 2008
300 ## - FİZİKSEL TANIMLAMA
Sayfa, Cilt vb. 175 sayfa ;
Boyutları 20 cm
490 0# - DİZİ BİLDİRİMİ
Dizi Bildirimi Algı yayın ;
Cilt Numarası 33
490 0# - DİZİ BİLDİRİMİ
Dizi Bildirimi Siyaset ;
Cilt Numarası 1
505 ## - İÇİNDEKİLER NOTU
İçindekiler Notu İçindekiler: Demokrasinin kökenleri - Temsili demokrasi - Yeni bir doğrudan demokrasi örneği olarak Chiapas ve Zapatist Hareket
650 04 - KONU BAŞLIĞI EK GİRİŞ - KONU TERİMİ
Konusal terim veya coğrafi ad Demokrasi, Tarih ve Kuram
942 ## - EK GİRİŞ ÖGELERİ (KOHA)
Sınıflama Kaynağı Dewey Decimal Classification
Materyal Türü Kitap
900 ## - YEREL BİLGİ
Kontrol Can ÇELIK
Mevcut
Geri Çekilme Durumu Kayıp Durumu Sınıflandırma Kaynağı Kredi için değil Kalıcı Konum Mevcut Konum Kayıt Tarih Toplam Ödünçverme Yer Numarası Demirbaş Numarası Son Görülme Tarihi Fatura Tarihi Materyal Türü
    Dewey Decimal Classification   Prof. Dr. Ruşen Keleş Kütüphanesi Prof. Dr. Ruşen Keleş Kütüphanesi 15/04/2026   321.8 DUL 2008 RK7107 15/04/2026 15/04/2026 Kitap